[Event "Buenos Aires ITT"]
[Site "Buenos Aires"]
[Date "1992.??.??"]
[Round "1"]
[White "Peralta, Eduardo"]
[Black "Roselli Mailhe, Bernardo"]
[Result "1/2-1/2"]
[WhiteElo "2255"]
[BlackElo "2350"]

1.e4 c5 2.Nf3 Nc6 3.Bb5 g6 4.O-O Bg7 5.c3 Nf6 6.Re1 O-O 7.d4 cxd4 8.cxd4 d5
9.e5 Ne4 10.Nc3 Nxc3 11.bxc3 Qa5 12.a4 Bg4 13.Re3 Rac8 14.h3 Bxf3 15.Rxf3 Qd8
16.h4 Na5 17.Bf1 Rc6 18.Rb1 Qc7 19.Bd2 Nc4 20.Be1 f6 21.exf6 exf6 22.Rb5 Qd7
23.h5 a6 24.Rb1 Re8 25.hxg6 hxg6 26.Rg3 Qf7 27.Bd2 Nd6 28.Qb3 Ne4 29.Rd3 Re7
30.Be1 f5 31.g3 Bh6 32.Bg2 Rce6 33.Rdd1 Rf6 34.c4 dxc4 35.Qc2 Qd5 36.Rb4 Rc7
37.Qa2 Qf7 38.d5 c3 39.Qc2 Qe7 40.Rbd4 Nd6 41.Bxc3 f4 42.gxf4 Bxf4 43.Rxf4 Rxc3
44.Qxc3 Rxf4 45.Re1 Qg7 46.Qc5 Qb2 47.Bh3 Qb4 48.Qxb4 Rxb4 49.Re6 Nf7 50.Rxg6+ Kf8
51.Be6 Nd6 52.a5 Rb5 53.f4 Ne8 54.Kf2 Rxa5 55.Ke3 Ra1 56.Bc8 Ke7 57.Re6+ Kd8
58.Bxb7 Re1+ 59.Kd4 Rxe6 60.dxe6 Ke7 61.Ke5 a5 62.Bc6 Nf6 63.f5 Ng4+ 64.Kd4 Nf6
65.Kc5 Ng8 66.Kb5 Nf6 67.Kxa5 Ng8 68.Kb6 Nf6 69.Kc5 Ng8 70.Kd5 Nf6+ 71.Kd4 Ng8
72.Bf3 Nf6  1/2-1/2

[Event "Buenos Aires FMDA"]
[Site "Buenos Aires"]
[Date "1992.??.??"]
[Round "1"]
[White "Spangenberg, Hugo"]
[Black "Anelli, Antonio"]
[Result "1-0"]
[WhiteElo "2305"]
[BlackElo "2300"]

1.e4 c5 2.Nf3 Nc6 3.Bb5 d6 4.O-O Bd7 5.c3 Nf6 6.Re1 a6 7.Ba4 e5 8.d3 Be7
9.Nbd2 O-O 10.Nf1 Re8 11.Ng3 h6 12.h3 Bf8 13.Nh2 d5 14.Qf3 dxe4 15.dxe4 b5
16.Bc2 g6 17.Be3 Kg7 18.Rad1 Qe7 19.Ng4 Nxg4 20.hxg4 Be6 21.Nf5+ Bxf5 22.exf5 Qf6
23.Be4 Rac8 24.Rd7 g5 25.Red1 c4 26.g3 Be7 27.Kg2 Kf8 28.R1d2 Kg7 29.Rb7 Bd8
30.Rdd7 Nb8 31.Rxf7+ Qxf7 32.Rxf7+ Kxf7 33.Qd1 Bc7 34.Qh1 Rh8 35.Qh5+ Ke7
36.Qg6 Rce8  1-0

[Event "Buenos Aires Najdorf qual"]
[Site "Buenos Aires"]
[Date "1992.??.??"]
[Round "2"]
[White "Malbran, Guillermo"]
[Black "Fraschini, Mariano"]
[Result "1/2-1/2"]
[WhiteElo "2330"]
[BlackElo "2330"]

1.e4 c5 2.Nf3 Nc6 3.Bb5 g6 4.O-O Bg7 5.c3 Nf6 6.Re1 a6 7.Bxc6 dxc6 8.h3 O-O
9.d4 cxd4 10.cxd4 c5 11.Nc3 cxd4 12.Qxd4 Qxd4 13.Nxd4 Rd8 14.Nb3 b5 15.Be3 Be6
16.Bb6 Rdc8 17.Rad1 Nd7 18.Bd4 Ne5 19.Nd5 Bxd5 20.exd5 Nc4 21.Rxe7  1/2-1/2

[Event "Grand Prix I"]
[Site "Buenos Aires"]
[Date "1992.??.??"]
[Round "5"]
[White "Biancosino, Rafael"]
[Black "Mendez, Ernesto"]
[Result "0-1"]
[WhiteElo "2205"]
[BlackElo "2345"]

1.e4 c5 2.Nf3 Nc6 3.Bb5 Nf6 4.Bxc6 dxc6 5.h3 Nxe4 6.d3 Nd6 7.Nc3 Bf5 8.g4 Bg6
9.h4 f6 10.h5 Bf7 11.g5 Qd7 12.Be3 c4 13.dxc4 Nxc4 14.Qxd7+ Kxd7 15.O-O-O+ Kc7
16.Bf4+ e5 17.Bg3 h6 18.gxf6 gxf6 19.Ne4 Be7 20.b3 Bd5 21.Rxd5 cxd5 22.Nxf6 Bxf6
23.bxc4 Rhe8 24.cxd5 Kb6 25.Re1 Kc5 26.Nxe5 Bxe5 27.Bxe5 Kxd5 28.f4 Rad8
29.Re3 Ke6 30.Bc7+ Kf5 31.Rb3 Re1+ 32.Kb2 Rdd1 33.Rb5+ Ke6 34.Kc3 Rb1 35.Ra5 a6
36.f5+ Kf7 37.Rd5 Rbd1 38.Rc5 Re3+ 39.Kb2 Rf3 40.Bb8 Rd7 41.Re5 Rh3 42.f6 Kxf6
43.Ra5 Rf3 44.Be5+ Ke6 45.Bc3 Rf5 46.Ra4 Rxh5 47.Re4+ Kd5 48.Rd4+ Kc6 49.Rc4+ Rc5
50.Rh4 h5 51.a4 Rd8 52.Bb4 Rcd5 53.Rc4+ Kd7 54.Be1 Rg8 55.Rf4 Ke6 56.c4 Rd3
57.Bc3 Rg2+ 58.Kb3 Rgg3 59.Rf6+ Ke7  0-1

[Event "Buenos Aires FMDA"]
[Site "Buenos Aires"]
[Date "1992.??.??"]
[Round "7"]
[White "Spangenberg, Hugo"]
[Black "Adla, Diego"]
[Result "0-1"]
[WhiteElo "2305"]
[BlackElo "2435"]

1.e4 c5 2.Nf3 Nc6 3.Bb5 d6 4.O-O Bd7 5.c3 Nf6 6.Re1 a6 7.Ba4 b5 8.Bc2 Bg4
9.d3 g6 10.Nbd2 Bh6 11.h3 Bxf3 12.Nxf3 Bxc1 13.Rxc1 O-O 14.d4 e5 15.Qd2 Qe7
16.Rcd1 Rfd8 17.Bb3 Na5 18.Qg5 Re8 19.Nh4 Kh8 20.Re3 Nxb3 21.axb3 cxd4 22.cxd4 exd4
23.Rxd4 Rac8 24.Nf3 Kg7 25.Qf4 Rc1+ 26.Kh2 Rc2 27.Qxd6 Rxf2 28.e5 Qxd6 29.Rxd6 Nh5
30.Rxa6 Rxb2 31.Ra7 Nf4 32.Re4 Ne6 33.Rb4 Rc8 34.Ra1 Rcc2 35.Rg1 Rc3 36.Nd4 Nxd4
37.Rxd4 Re3 38.Rd5 Rbxb3 39.Rf1 Red3 40.Rc5 Rd7 41.Rc6 Re3 42.Rc5 Rb7 43.Rb1 b4
44.Kg1 b3 45.Kf2 Re4 46.Kf3 Reb4 47.Rc8 b2 48.Rd8 R7b5 49.Rd2 h5 50.Re2 h4
51.Kf2 Rb6 52.Kf3 Kf8 53.Kf2 Ke7 54.Ke3 Ke6 55.Kd3 Kd5 56.Rf2 Rb7 57.Re2 Rd4+
58.Kc3 Rc4+ 59.Kd3 Rb3+ 60.Kd2 Kd4  0-1

[Event "Buenos Aires Najdorf qual"]
[Site "Buenos Aires"]
[Date "1992.??.??"]
[Round "7"]
[White "Zarnicki, Pablo"]
[Black "Del Rey, Diego"]
[Result "1-0"]
[WhiteElo "2385"]
[BlackElo "2270"]

1.e4 c5 2.Nf3 Nc6 3.Bb5 e6 4.O-O Nge7 5.c3 a6 6.Ba4 c4 7.d4 cxd3 8.c4 d6
9.Qxd3 Ng6 10.Bg5 Qc7 11.Nc3 h6 12.Be3 Be7 13.Rac1 O-O 14.Nd5 exd5 15.cxd5 Qa5
16.Qc2 Nce5 17.Nd4 Bd7 18.Bxd7 Nxd7 19.b4 Qd8 20.Qd2 Bg5 21.f4 Bf6 22.Nf5 Qb8
23.Nxh6+ gxh6 24.f5 Nge5 25.Bxh6 Ng4 26.Bxf8 Kxf8 27.h3 Qa7+ 28.Kh1 Ke7 29.Rf3 Rh8
30.Rc7 Qb6 31.Qc1 Qxb4 32.Rb3 Qd4 33.Rxd7+ Kf8 34.Qc8+ Kg7 35.Rxf7+ Kh6 36.Rxf6+ Qxf6
37.Qc1+ Qg5 38.Qxg5+ Kxg5 39.Rg3  1-0

[Event "Grand Prix I"]
[Site "Buenos Aires"]
[Date "1992.??.??"]
[Round "7"]
[White "Slipak, Sergio"]
[Black "Mendez, Ernesto"]
[Result "1/2-1/2"]
[WhiteElo "2430"]
[BlackElo "2345"]

1.e4 c5 2.Nf3 Nc6 3.Bb5 Nf6 4.e5 Nd5 5.Nc3 Nc7 6.Bc4 e6 7.Ne4 d5 8.exd6 Bxd6
9.Nxd6+ Qxd6 10.O-O b5 11.Be2 Bb7 12.c3 e5 13.d3 O-O 14.a3 a5 15.a4 b4 16.Nd2 Nd5
17.Ne4 Qe7 18.Bg5 f6 19.Qb3 Kh8 20.Bd2 f5 21.Bg5 Nf6 22.Ng3 Bc8 23.Qc4 Be6
24.Qh4 Qd7 25.f4 exf4 26.Bxf4 Nd5 27.Bd2 Ne5 28.Nh5 Ng6 29.Qf2 bxc3 30.bxc3 Rac8
31.Rfb1 Qc7 32.Rb2 Qe5 33.d4 cxd4 34.cxd4 Qc7 35.Rc1 Qxc1+ 36.Bxc1 Rxc1+
37.Bf1 f4 38.Qd2 Rc3 39.Rb7 Rfc8 40.Nxg7 Bg4 41.h3 Bxh3 42.gxh3 Nh4 43.Qf2 Rg3+
44.Kh1 Rf3 45.Qg1 Ne3 46.Rb1 Nxf1 47.Qg4 Ng3+ 48.Kg1 Ne2+ 49.Kh1 Ng3+ 50.Kg1 Ne2+
51.Kh1 Ng3+  1/2-1/2

[Event "Buenos Aires Najdorf qual"]
[Site "Buenos Aires"]
[Date "1992.??.??"]
[Round "8"]
[White "Kanefsck, Gustavo"]
[Black "Bielicki, Carlos"]
[Result "1-0"]
[WhiteElo "2385"]
[BlackElo "2330"]

1.e4 c5 2.Nf3 Nc6 3.Bb5 g6 4.O-O Bg7 5.c3 Nf6 6.Re1 O-O 7.d4 cxd4 8.e5 Nd5
9.cxd4 d6 10.Nc3 Nxc3 11.bxc3 Bg4 12.Bxc6 bxc6 13.Bf4 d5 14.h3 Bxf3 15.Qxf3 e6
16.Qe3 Rb8 17.Bg5 Qd7 18.h4 Rfc8 19.h5 c5 20.g3 Bf8 21.Kg2 cxd4 22.cxd4 Rb2
23.Reb1 Qb5 24.Rxb2 Qxb2 25.Rh1 Rc4 26.hxg6 fxg6 27.Rh4 Qxa2 28.Qf4 Rc7 29.Qf6 Qa6
30.Rf4 Qc8 31.Rf3 Qe8 32.Qf4 a5 33.Qd2 a4 34.Qa5 Rc8 35.g4 Ra8 36.Qc7 Rc8
37.Qb7 Bg7 38.Bf6 Bf8 39.Rh3 h6 40.Rf3 Rb8 41.Qc7 Rc8 42.Qb7 Rb8 43.Qa6 Ra8
44.Qe2 a3 45.Qa2 Ra7 46.Rb3 Ra4 47.Rd3 Qc6 48.Rd2 Rb4 49.Qxa3 Rxd4 50.Qe3 Rxg4+
51.Kh3 Ra4 52.Qg3 Kh7 53.f3 Qc1 54.Rg2 Qb1 55.Kh2 Ra1 56.Qf2 g5  1-0

[Event "Calcutta"]
[Site "Calcutta"]
[Date "1992.??.??"]
[Round "2"]
[White "Barua, Dibyendu"]
[Black "Wajih, Nassir"]
[Result "1-0"]
[WhiteElo "2555"]
[BlackElo "2315"]

1.e4 c5 2.Nf3 Nc6 3.Bb5 e6 4.Bxc6 bxc6 5.e5 d5 6.exd6 Bxd6 7.O-O Nf6 8.Re1 O-O
9.d3 Qc7 10.Nbd2 Ba6 11.b3 Rad8 12.Bb2 Ng4 13.h3 Nh6 14.Qe2 Nf5 15.Qe4 Bf4
16.Nf1 Rfe8 17.g3 Bd6 18.Qg4 Bf8 19.N1d2 Nh6 20.Qh5 f6 21.Ne4 Qe7 22.g4 Rd5
23.Qh4 Qf7 24.Qxh6 gxh6 25.Nxf6+ Kh8 26.Nxe8+ Bg7 27.Nxg7 Qxf3 28.Nf5+ Kg8
29.Nxh6+ Kf8 30.Rxe6 Bc8 31.Rxc6 Qxh3 32.Re1 Rd4 33.Bxd4 cxd4 34.g5 Kg7 35.Rf6  1-0

[Event "Calcutta"]
[Site "Calcutta"]
[Date "1992.??.??"]
[Round "3"]
[White "Antonio, Rogelio Jr"]
[Black "Meetei, AB."]
[Result "1-0"]
[WhiteElo "2500"]
[BlackElo "2280"]

1.e4 c5 2.Nf3 Nc6 3.Bb5 e6 4.O-O Nge7 5.Re1 a6 6.Bf1 d5 7.exd5 Nxd5 8.d4 Nf6
9.Be3 cxd4 10.Nxd4 Nxd4 11.Bxd4 Bd6 12.Nc3 Bc7 13.g3 O-O 14.Bg2 Bb6 15.Be5 Qxd1
16.Raxd1 Ng4 17.Bd4 Bxd4 18.Rxd4 Nf6 19.Na4 Rb8 20.Nb6 Re8 21.f4 Kf8 22.h3 h6
23.Re5 Re7 24.Rc5 Bd7 25.Rd6 Ke8 26.a4 g6 27.a5 Nh5 28.Kh2 Ng7 29.g4 h5 30.Bf3 hxg4
31.hxg4 f5 32.g5 Bc6 33.Bxc6+ bxc6 34.Kg3 Kf7 35.Nc4 Nh5+ 36.Kf3 Rb4 37.Rdxc6 Ra4
38.Rc7 Rxc7 39.Rxc7+ Kf8 40.b3 Ra1 41.Ne5 Rxa5 42.Nxg6+ Kg8 43.Rc6 Ra1 44.Rxe6 Rf1+
45.Ke2 Ng3+ 46.Kd3 Rf3+ 47.Kd2 a5 48.Re3  1-0

[Event "Calcutta"]
[Site "Calcutta"]
[Date "1992.??.??"]
[Round "6"]
[White "Girinath, PDS."]
[Black "Gufeld, Eduard"]
[Result "1/2-1/2"]
[WhiteElo "2300"]
[BlackElo "2490"]

1.e4 c5 2.Nf3 Nc6 3.Bb5 g6 4.Bxc6 bxc6 5.O-O Bg7 6.Re1 e5 7.c3 Ne7 8.d4 cxd4
9.cxd4 exd4 10.Nxd4 O-O 11.Nc3 Rb8 12.e5 c5 13.Nb3 Nc6 14.Nxc5 Nxe5 15.N5e4 Ba6
16.Bg5 f6 17.Qd5+ Kh8 18.Nxf6 Bxf6 19.Bxf6+ Qxf6 20.Qxe5 Qxe5 21.Rxe5 Rxb2
22.f3 Rc8 23.Nd5 Rd2 24.Ne3 Re2 25.h4 Rc3  1/2-1/2

[Event "Calcutta"]
[Site "Calcutta"]
[Date "1992.??.??"]
[Round "9"]
[White "Thipsay, Praveen Mahadeo"]
[Black "Koshy, Varugeese"]
[Result "1/2-1/2"]
[WhiteElo "2485"]
[BlackElo "2315"]

1.e4 c5 2.Nf3 Nc6 3.Bb5 g6 4.O-O Bg7 5.Re1 e5 6.Bxc6 dxc6 7.b3 Bg4 8.Bb2 Qe7
9.d3 Nf6 10.Nbd2 Nd7 11.h3 Bxf3 12.Nxf3 O-O 13.Qd2 Rfe8 14.a3 Nf8 15.b4 Qd6
16.bxc5 Qxc5 17.a4 Ne6 18.a5 Qd6 19.Reb1 b5 20.axb6  1/2-1/2

[Event "Calcutta"]
[Site "Calcutta"]
[Date "1992.??.??"]
[Round "10"]
[White "Barua, Dibyendu"]
[Black "Ganesan, Sankar"]
[Result "1-0"]
[WhiteElo "2555"]
[BlackElo "2300"]

1.e4 c5 2.Nf3 Nc6 3.Bb5 d6 4.Bxc6+ bxc6 5.O-O e5 6.Re1 g5 7.d3 g4 8.Nfd2 Ne7
9.Nf1 Rg8 10.Nc3 h5 11.Ne2 f5 12.exf5 Nxf5 13.c3 Kf7 14.d4 exd4 15.cxd4 d5
16.Qc2 Qf6 17.dxc5 h4 18.Bf4 h3 19.g3 d4 20.Rad1 Be6 21.Nd2 Bd5 22.Nc1 Bh6
23.Nd3 Rge8 24.Ne5+ Rxe5 25.Rxe5 Ng7  1-0

[Event "Candas op"]
[Site "Candas"]
[Date "1992.??.??"]
[Round "5"]
[White "Campora, Daniel H"]
[Black "Antunes, Antonio"]
[Result "1/2-1/2"]
[WhiteElo "2550"]
[BlackElo "2465"]

1.e4 c5 2.Nf3 Nc6 3.Bb5 g6 4.O-O Bg7 5.Bxc6 bxc6 6.d3 Nf6 7.Re1 O-O 8.Nbd2 d6
9.e5 Nd5 10.Nc4 h6 11.Bd2 Rb8 12.Qc1 Kh7 13.Re4 f5 14.Rh4 h5 15.Ng5+ Kg8
16.f4 Nb6 17.Bc3 d5 18.Na5 Qc7 19.Nb3 Na4 20.Ba5 Qb7 21.c4 Qa6 22.Rh3 Bh6
23.Rg3 h4 24.Rh3 Bxg5 25.fxg5 dxc4 26.dxc4 Be6 27.Rxh4 f4 28.Rxf4 Rxf4 29.Qxf4 Qxc4
30.Qxc4 Bxc4 31.Nd2 Nxb2 32.Nxc4 Nxc4 33.Bc3 Kf7 34.e6+ Kxe6 35.Re1+ Kf7
36.h4 Rd8 37.Re4 Rd1+ 38.Kf2 Nd6 39.Rf4+ Kg8 40.g4 Rd3 41.Be5 Nf7 42.Re4 Rd2+
43.Kg3 Rxa2 44.Bf4 Ra3+ 45.Kg2 Ra2+ 46.Kg3 Ra3+ 47.Kg2 Ra2+  1/2-1/2

[Event "Candas op"]
[Site "Candas"]
[Date "1992.??.??"]
[Round "6"]
[White "Antunes, Antonio"]
[Black "Neverov, Valeriy"]
[Result "0-1"]
[WhiteElo "2465"]
[BlackElo "2520"]

1.e4 c5 2.Nf3 Nc6 3.Bb5 g6 4.O-O Bg7 5.c3 Nf6 6.Re1 O-O 7.d4 d5 8.exd5 Qxd5
9.Bxc6 Qxc6 10.Rxe7 Be6 11.Ne5 Qc8 12.c4 cxd4 13.Bg5 Ne4 14.Bf4 Bxe5 15.Bxe5 Qc5
16.Qxd4 Rad8  0-1

[Event "Candas op"]
[Site "Candas"]
[Date "1992.??.??"]
[Round "8"]
[White "Mainka, Romuald"]
[Black "Gomez Jurado, Luis Alberto"]
[Result "1-0"]
[WhiteElo "2455"]
[BlackElo "2265"]

1.e4 c5 2.Nf3 Nc6 3.Bb5 Nf6 4.Bxc6 dxc6 5.d3 Bg4 6.Nbd2 e5 7.Nc4 Bd6 8.h3 Bxf3
9.Qxf3 b5 10.Ne3 g6 11.Bd2 Nd7 12.O-O O-O 13.Qe2 Kh8 14.a4 a6 15.Bc3 f6 16.b3 Qe7
17.Ra2 b4 18.Bd2 f5 19.exf5 gxf5 20.Nc4 Bc7 21.Raa1 Qg7 22.Rae1 f4 23.Qf3 Rf6
24.Bc1 Rg8 25.Kh1 Rg6 26.Rg1 Nb6 27.Nxb6 Bxb6 28.Bb2 Bc7 29.Re4 Rg5 30.Rxf4 Rxg2  1-0

[Event "Candas op"]
[Site "Candas"]
[Date "1992.??.??"]
[Round "8"]
[White "Garcia Carbo, Marcial"]
[Black "Schmittdiel, Eckhard"]
[Result "1/2-1/2"]
[WhiteElo "2270"]
[BlackElo "2485"]

1.e4 c5 2.Nf3 Nc6 3.Bb5 g6 4.O-O Bg7 5.Re1 e5 6.Bxc6 dxc6 7.d3 Qe7 8.h3 Nf6
9.a4 O-O 10.Na3 Nh5 11.Nc4 Nf4 12.Bxf4 exf4 13.e5 Be6 14.Ncd2 g5 15.Nh2 Bf5
16.Ne4 h6 17.Nd6 Bg6 18.Qe2 Rad8 19.Nf3 Rd7 20.Nd2 Qe6 21.N2c4 b6 22.Qg4 Re7
23.g3 fxg3 24.fxg3 f5 25.exf6 Qxe1+ 26.Rxe1 Rxe1+ 27.Kf2 Re7 28.Ne4 Bxe4
29.dxe4 Rxf6+ 30.Ke3 Rfe6 31.c3 b5 32.Nd2 bxa4 33.Qf5 a3 34.bxa3 Bxc3 35.Qxc5 Be5
36.Kf3 Kg7 37.Nc4 Rf7+ 38.Kg4 Ba1 39.Kh5 g4 40.hxg4 Kh7 41.Qe3 Rg7 42.Qf2 Rg5+
43.Kh4 Rxe4 44.Ne3 Kg7 45.Qf3 Bf6 46.Kh3 Rxe3  1/2-1/2

[Event "Candas op"]
[Site "Candas"]
[Date "1992.??.??"]
[Round "8"]
[White "Maljutin, Evgeni"]
[Black "Caselas, Jacobo"]
[Result "1-0"]
[WhiteElo "2465"]
[BlackElo "2250"]

1.e4 c5 2.Nf3 Nc6 3.Bb5 g6 4.Bxc6 bxc6 5.O-O Bg7 6.Re1 f6 7.c3 Nh6 8.d4 cxd4
9.cxd4 O-O 10.Nc3 Nf7 11.e5 Qb6 12.exf6 exf6 13.b3 Ba6 14.Na4 Qc7 15.Nc5 Bb7
16.Re7 Rfd8 17.Ne6 Qd6 18.Nxd8 Nxd8 19.Re8+ Kf7 20.Qe2  1-0

[Event "Cannes Martinez op"]
[Site "Cannes"]
[Date "1992.??.??"]
[Round "?"]
[White "Berend, Fred"]
[Black "Anselmo, Aldo"]
[Result "1-0"]
[WhiteElo "2285"]
[BlackElo "2240"]

1.e4 c5 2.Nf3 Nc6 3.Bb5 Qc7 4.O-O e6 5.Nc3 Nd4 6.Nxd4 cxd4 7.Ne2 a6 8.Bd3 Bc5
9.c3 dxc3 10.dxc3 Nf6 11.Bf4 e5 12.Bg5 Be7 13.Ng3 d6 14.Bxf6 Bxf6 15.Nh5 O-O
16.Nxf6+ gxf6 17.Qh5 Qd7 18.f4 Kh8 19.Qh4 Qe6 20.f5 Qe7 21.Rf3 Rg8 22.Re1 Bd7
23.Ree3 Rg7 24.Rh3 Bc6 25.Qh6 d5 26.Rh4 Qd6 27.Reh3 Kg8 28.Rg3 Qf8 29.Qxh7+  1-0

[Event "Cannes op"]
[Site "Cannes"]
[Date "1992.??.??"]
[Round "?"]
[White "Salaun, Yann"]
[Black "Giffard, Nicolas"]
[Result "0-1"]
[WhiteElo "2225"]
[BlackElo "2340"]

1.e4 c5 2.Nf3 Nc6 3.Bb5 e6 4.O-O Nge7 5.c3 d5 6.exd5 Qxd5 7.Na3 Bd7 8.d4 cxd4
9.Bf4 Ng6 10.Bc4 Qa5 11.Bg3 Bxa3 12.bxa3 O-O 13.cxd4 Nce7 14.Bd6 Rfc8 15.Bb3 Bc6
16.Rc1 Qd8 17.Bc5 Nf5 18.a4 b6 19.Ba3 Nf4 20.Rxc6 Rxc6 21.d5 Nxd5 22.Bb2 Nf4  0-1

[Event "Cannes Martinez op"]
[Site "Cannes"]
[Date "1992.??.??"]
[Round "?"]
[White "Godena, Michele"]
[Black "Horvath, Jozsef"]
[Result "0-1"]
[WhiteElo "2435"]
[BlackElo "2505"]

1.e4 c5 2.Nf3 Nc6 3.Bb5 d6 4.d4 cxd4 5.Qxd4 Bd7 6.Bxc6 Bxc6 7.c4 Nf6 8.Nc3 g6
9.O-O Bg7 10.Qd3 O-O 11.Re1 Rc8 12.Bg5 h6 13.Bd2 Nd7 14.Rad1 a6 15.b3 b6
16.Qe3 Re8 17.Nd4 Bb7 18.Bc1 e6 19.Qh3 d5 20.Bxh6 dxc4 21.Bxg7 Kxg7 22.b4 Qe7
23.Nf3 Rcd8 24.a3 Qf6 25.Rc1 b5 26.Qg3 e5 27.Red1 Qf4 28.Rc2 Nf6 29.Rxd8 Rxd8
30.Qxf4 exf4 31.Rd2 Re8 32.Ng5 Nxe4 33.Ngxe4 Bxe4 34.Re2 Bc6 35.Rxe8 Bxe8
36.Kf1 Kf6 37.Ke2 Ke5 38.Kd2 g5 39.f3 Bc6 40.Ne2 f5 41.Kc3 g4 42.Ng1 Be4
43.h3 Bd3 44.fxg4 fxg4 45.hxg4 Bf1 46.Nf3+ Kf6 47.g5+ Kg6 48.Kd4 Be2 49.Nd2 Kxg5
50.Ke5 Bd3 51.Nf3+ Kg4 52.Nd4 c3 53.Nb3 c2  0-1

[Event "Cannes op"]
[Site "Cannes"]
[Date "1992.??.??"]
[Round "?"]
[White "Dextre, Eric"]
[Black "Haik, Aldo"]
[Result "0-1"]
[WhiteElo "2205"]
[BlackElo "2375"]

1.e4 c5 2.Nf3 Nc6 3.Bb5 g6 4.O-O Bg7 5.c3 e5 6.Bxc6 dxc6 7.d3 Qe7 8.a4 Nf6
9.Na3 O-O 10.Bg5 h6 11.Bh4 Qc7 12.Bxf6 Bxf6 13.Qd2 Bg7 14.Qe3 b6 15.a5 Be6
16.Nd2 Rfd8 17.axb6 axb6 18.Nac4 b5 19.Rxa8 Rxa8 20.Na3 Qd6 21.Nf3 Rd8 22.Rd1 b4
23.cxb4 cxb4 24.Nc2 c5 25.Qd2 f5 26.exf5 Bxf5 27.Ne3 Bxd3 28.Ne1 e4 29.f3 Bd4
30.Kh1 Ba6 31.fxe4 Qf4 32.Nf3 Qxe4 33.Re1 Qd3 34.Qxd3 Bxd3 35.Nxd4 Rxd4 36.Kg1 c4
37.Rd1 c3 38.b3 Kf7 39.Nc2 Bxc2 40.Rxd4 Bxb3 41.Rxb4 c2 42.Rb7+ Ke6 43.Rc7 Kd5  0-1

[Event "Cappelle op"]
[Site "Cappelle la Grande"]
[Date "1992.??.??"]
[Round "6"]
[White "Georgiev, Krum"]
[Black "Fauland, Alexander"]
[Result "1/2-1/2"]
[WhiteElo "2505"]
[BlackElo "2440"]

1.e4 c5 2.Nf3 Nc6 3.Bb5 e6 4.O-O Nge7 5.b3 a6 6.Bxc6 Nxc6 7.Bb2 d6 8.d4 cxd4
9.Nxd4 Bd7 10.Nf3 Qc7 11.c4 Ne7 12.Qe2 Ng6 13.Qe3 f6 14.Nc3 Be7 15.Nd4 O-O
16.Rad1 Qc5 17.Nf5 Rfd8 18.Nxe7+ Nxe7 19.Qg3 e5 20.Rc1  1/2-1/2

[Event "Cappelle op"]
[Site "Cappelle la Grande"]
[Date "1992.??.??"]
[Round "7"]
[White "Schmidt, Stefan"]
[Black "Feher, Gyula"]
[Result "0-1"]
[WhiteElo "2275"]
[BlackElo "2405"]

1.e4 c5 2.Nf3 Nc6 3.Bb5 e6 4.c3 d5 5.e5 Bd7 6.Qe2 Nge7 7.O-O Nf5 8.Bxc6 Bxc6
9.d3 Be7 10.Re1 h5 11.g3 g5 12.Nfd2 g4 13.Nf1 Qd7 14.Bf4 O-O-O 15.Nbd2 Rdg8
16.Ne3 Nxe3 17.fxe3 h4 18.d4 f5 19.exf6 Bxf6 20.Nb3 b6 21.a4 c4 22.Nd2 hxg3
23.Bxg3 Bh4 24.Kg2 Bxg3 25.hxg3 Rh3 26.Rh1 Qh7 27.Rag1 Rh8 28.Rxh3 Qxh3+
29.Kf2 Qh2+ 30.Rg2 Rf8+ 31.Ke1 Qh1+ 32.Nf1 Bxa4 33.Rf2 Rf3 34.e4 Bc6 35.e5 Be8
36.Rxf3 gxf3 37.Qf2 Bg6 38.Kd2 Bd3 39.Nh2 Be2 40.Nxf3 Qd1+  0-1

[Event "Cappelle op"]
[Site "Cappelle la Grande"]
[Date "1992.??.??"]
[Round "8"]
[White "Pioch, Thomas"]
[Black "Todorov, Ognjan"]
[Result "0-1"]
[WhiteElo "2220"]
[BlackElo "2365"]

1.e4 c5 2.Nf3 Nc6 3.Bb5 g6 4.O-O Bg7 5.Re1 e5 6.Bf1 Nge7 7.d3 O-O 8.Nc3 d5
9.exd5 Nxd5 10.Bd2 Re8 11.h3 b6 12.a3 Bb7 13.Rb1 Rc8 14.Na2 Nd4 15.Nh2 Qd7
16.Nc3 h6 17.Ng4 Kh7 18.Nxd5 Qxd5 19.Bxh6 Bh8 20.Bd2 Qc6 21.c3 Nf5 22.b4 Rcd8
23.b5 Qd6 24.Qb3 Rd7 25.Rbd1 Rde7 26.Bc1 Bg7 27.a4 Bd5 28.Qa3 Ba8 29.Qa2 Bd5
30.Qa3 Ba8 31.Qa2 f6 32.Ne3 Nh4 33.d4 exd4 34.cxd4 cxd4 35.Ba3 Qf4 36.Bxe7 dxe3
37.Bd6 Nf3+ 38.Kh1 Re5 39.Bxe5 fxe5 40.gxf3 Qxf3+ 41.Kh2 Qh1+ 42.Kg3 Qg1+
43.Kh4 Bf6+  0-1

[Event "Cappelle op"]
[Site "Cappelle la Grande"]
[Date "1992.??.??"]
[Round "8"]
[White "Mateus, Manuel"]
[Black "Degraeve, Jean Marc"]
[Result "0-1"]
[WhiteElo "2255"]
[BlackElo "2470"]

1.e4 c5 2.Nf3 Nc6 3.Bb5 g6 4.O-O Bg7 5.Bxc6 dxc6 6.d3 e5 7.Be3 Qe7 8.Qd2 Nf6
9.Bh6 O-O 10.Bxg7 Kxg7 11.Qg5 Re8 12.Nbd2 Nh5 13.Qxe7 Rxe7 14.Nc4 f6 15.g3 Bh3
16.Rfe1 Kf7 17.Ncxe5+ Rxe5 18.Nxe5+ fxe5 19.f3 Ke7 20.Rad1 Ng7 21.b4 cxb4
22.d4 exd4 23.Rxd4 a5 24.g4 Ne6 25.Rd2 Rf8 26.Red1 Rxf3 27.Rd7+ Kf6  0-1

[Event "Cebu"]
[Site "Cebu"]
[Date "1992.??.??"]
[Round "6"]
[White "Barua, Dibyendu"]
[Black "Donguines, Fernie"]
[Result "1-0"]
[WhiteElo "2555"]
[BlackElo "2435"]

1.e4 c5 2.Nf3 Nc6 3.Bb5 Qc7 4.Nc3 e6 5.Bxc6 Qxc6 6.O-O a6 7.Re1 Be7 8.d4 cxd4
9.Qxd4 Nf6 10.e5 Bc5 11.Qh4 Nd5 12.Ne4 b5 13.a4 bxa4 14.Rxa4 Be7 15.Bg5 f6
16.exf6 gxf6 17.Rc4 Qb5 18.Bxf6 Nxf6 19.Nxf6+ Bxf6 20.Qxf6 Rf8 21.Qd4 Qf5
22.Rc7 Qf4 23.Qc3 Kd8 24.Rc4 Qf6 25.Qa5+ Ke8 26.Qb6 Qg7 27.Nd2 Ke7 28.Rxe6+ Kf7
29.Ree4  1-0

[Event "Cebu"]
[Site "Cebu"]
[Date "1992.??.??"]
[Round "8"]
[White "Barua, Dibyendu"]
[Black "Antonio, Rogelio Jr"]
[Result "1-0"]
[WhiteElo "2555"]
[BlackElo "2500"]

1.e4 c5 2.Nf3 Nc6 3.Bb5 g6 4.O-O Bg7 5.d3 e6 6.Bxc6 bxc6 7.c3 d5 8.e5 Qb6
9.d4 cxd4 10.cxd4 c5 11.dxc5 Qxc5 12.b3 Qc7 13.Ba3 Bf8 14.Bxf8 Kxf8 15.Qd2 h5
16.Na3 Bd7 17.Nc2 h4 18.h3 Ne7 19.Ncd4 Rh5 20.Rac1 Qb6 21.Rc3 Kg8 22.Rfc1 Rc8
23.Rxc8+ Bxc8 24.Qf4 Bd7 25.Qf6 Kf8 26.Qf4 Kg8 27.Qd2 Nc6 28.Nxc6 Bxc6 29.Qf4 Qb7
30.Qd4 Bb5 31.Qb4 Qd7 32.a4  1-0

[Event "JUG-chT"]
[Site "Cetinje"]
[Date "1992.??.??"]
[Round "?"]
[White "Sedina, Elena"]
[Black "Bojkovic, Natasa"]
[Result "0-1"]
[WhiteElo "2305"]
[BlackElo "2365"]

1.e4 c5 2.Nf3 Nc6 3.Bb5 g6 4.O-O Bg7 5.Bxc6 bxc6 6.Re1 e5 7.c3 Ne7 8.d4 cxd4
9.cxd4 exd4 10.Nxd4 O-O 11.Nc3 Rb8 12.Nb3 d5 13.Bg5 d4 14.Bxe7 Qxe7 15.Nxd4 Rxb2
16.Na4 Rb5 17.Rc1 Rh5 18.Nf3 Be6 19.Rxc6 Bxa2 20.Nc3 Be6 21.e5 Rd8 22.Qa4 Rd3
23.Qe4 Qd7 24.Rc8+ Bf8 25.Rb8 Rxc3 26.Rxf8+ Kxf8 27.Qb4+ Kg8 28.Qxc3 Rf5
29.Qe3 a5 30.Rb1 Rh5 31.h4 Kg7 32.Qf4 Rf5 33.Qe3 Bd5 34.Nd4 Rh5 35.Qf4 Qe7
36.g3 Rxe5 37.Nf3 Rf5 38.Qd4+ Qf6 39.Qxf6+ Rxf6 40.Ne5 Ra6 41.Rb5 Be6 42.Nf3 a4
43.Nd4 Kf6 44.Nxe6 Kxe6 45.Kf1 a3 46.Rb1 a2 47.Ra1 Kd5 48.Ke2 Kc4  0-1

[Event "JUG-chT"]
[Site "Cetinje"]
[Date "1992.??.??"]
[Round "?"]
[White "Sedina, Elena"]
[Black "Maksimovic, Suzana"]
[Result "0-1"]
[WhiteElo "2305"]
[BlackElo "2230"]

1.e4 c5 2.Nf3 Nc6 3.Bb5 g6 4.O-O Bg7 5.Bxc6 dxc6 6.h3 e5 7.d3 Qe7 8.Be3 Nf6
9.Nbd2 Nd7 10.Nc4 f6 11.Qd2 Nf8 12.a3 Ne6 13.b4 Nd4 14.Ne1 Be6 15.bxc5 Bxc4
16.dxc4 Rd8 17.Nd3 O-O 18.f4 f5 19.fxe5 fxe4 20.Bg5 Qc7 21.Bxd8 Rxd8 22.Ne1 Nb3
23.Qc3 Nxa1 24.Qxa1 Bxe5 25.Qc1 Qe7 26.Qh6 Qxc5+ 27.Kh1 Qxc4 28.Rf2 Qc3 29.Rf1 Qg3
30.Kg1 Qh2+ 31.Kf2 Bf4  0-1

[Event "JUG-chT"]
[Site "Cetinje"]
[Date "1992.??.??"]
[Round "?"]
[White "Sheremetieva, Marina"]
[Black "Kokanovic, Ksenija"]
[Result "1-0"]
[WhiteElo "2195"]
[BlackElo "2175"]

1.e4 c5 2.Nf3 Nc6 3.Bb5 Nf6 4.Bxc6 dxc6 5.Nc3 Bg4 6.h3 Bh5 7.d3 e6 8.Be3 Qa5
9.g4 Bg6 10.Ne5 c4 11.Nxc4 Qc7 12.Qf3 h5 13.O-O-O Nd7 14.d4 f6 15.e5 O-O-O
16.Bf4 f5 17.gxf5 Bxf5 18.Ne4 Bxe4 19.Qxe4 Nb6 20.Qg6 Qd7 21.Nxb6+ axb6 22.c4 Bb4
23.Qc2 Qf7 24.Bg5 Be7 25.Be3 g5 26.Qb3 Kc7 27.Rhg1 Rhg8 28.Rd3 Qf5 29.d5 Bc5
30.Bxc5 bxc5 31.Rf3 Qxe5 32.Rf7+ Rd7 33.Rxd7+ Kxd7 34.Qxb7+ Ke8 35.Qxc6+ Ke7
36.Qxc5+ Kf6 37.Qe3 exd5 38.Qf3+ Kg6 39.Qxd5 Qf4+ 40.Kb1 Rb8 41.Qe6+ Kh7
42.Re1 Qxf2 43.Qe7+ Kg8 44.Qxg5+ Kf8 45.Qh6+ Kg8 46.Qg6+  1-0

[Event "JUG-chT"]
[Site "Cetinje"]
[Date "1992.??.??"]
[Round "?"]
[White "Djuric, Stefan"]
[Black "Pavlovic, Milos"]
[Result "1-0"]
[WhiteElo "2535"]
[BlackElo "2450"]

1.e4 c5 2.Nf3 Nc6 3.Bb5 Nf6 4.Nc3 g6 5.e5 Ng4 6.Qe2 Bg7 7.Bxc6 dxc6 8.h3 Nh6
9.g4 O-O 10.d3 f5 11.g5 Nf7 12.e6 Nd6 13.Bf4 Qb6 14.O-O-O Bxc3 15.bxc3 Nb5
16.Qe5 Rd8 17.c4 Nd4 18.Nxd4 cxd4 19.h4 Qb4 20.h5 Qa3+ 21.Kd2 gxh5 22.Rxh5 Qc3+
23.Ke2 Rd6 24.g6  1-0